000 01162nam a2200265Ia 4500
008 0000002003 usad 0000000000eng00
090 _aPUS00 F24a
100 1 _aFeldman, Frayda
245 1 0 _aAndy Warhol Prints
_b: a catalogue raisonné 19621987
_c/ Frayda Feldman and Jorg Schellmann
250 _a4th ed.
300 _a383 p.
_c/ 29 cm.
500 _aProyecto Ganador Programa Apoyos Concertados FGAA 2010
501 _aWarhol and the politics of prints / by Arthur C. Danto God is in the details: the prints of Andy Warhol / Donna de Salvo Early printmaking Published prints Unpublished prints The genesis of Andy Warhol's
600 0 0 _aWARHOL, ANDY, 19281987/
_xTRABAJOS PICTORICOS
650 1 4 _aARTE CONTEMPORANEO ESTADOUNIDENSE
650 1 4 _aARTE POP ESTADOUNIDENSE
650 1 4 _aARTISTAS PLASTICOS ESTADOUNIDENSES
650 1 4 _xCATALOGOS
650 1 4 _aDIBUJOS ESTADOUNIDENSES
650 1 4 _aILUSTRACIONES DE LIBROS
650 1 4 _aPINTURA ESTADOUNIDENSE
650 1 4 _aPINTURA ESTADOUNIDENSE
700 1 _aSchellmann, Jorg
999 _c12581
_d12581
260 _aNew York : Distributed Art Publishers, Ronald Feldman Fine Arts (D.A.P)
_c2003